Blood supply to the GIT - Statistics

General Stats
  • This quiz has been taken 110 times
  • The average score is 6 of 17
Answer Stats
Hint Answer % Correct
Stomach (lesser curvature) Left gastric/right gastric
80%
Spleen Splenic
76%
Stomach (greater curvature) Left gastro-omental/right gastro-omental
64%
Stomach (fundus) Short gastric
46%
Rectum Superior rectal/inferior rectal
42%
Sigmoid colon Sigmoid
38%
Jejunum Jejunal
36%
Transverse colon Middle colic/left colic
34%
Ileum Ileal
32%
Descending colon Left colic
30%
Ascending colon Right colic/middle colic
30%
Vermiform appendix Appendicular
24%
Caecum Ileocolic
16%
Duodenum (2nd part) Anterior superior pancreaticoduodenal
4%
Duodenum (1st part) Supraduodenal
4%
Duodenum (3rd part) Anterior inferior pancreaticoduodenal
2%
Duodenum (4th part) Anterior inferior pancreaticoduodenal
2%
No matching quizzes found
Score Distribution
Percent of People with Each Score
Percentile by Number Answered
Your Score History
You have not taken this quiz